Marvel: Ultimate Alliance 2 Characters Quiz - Statistics

General Stats
  • This quiz has been taken 23 times
  • The average score is 19 of 34
Answer Stats
Characters % Correct
Iron Man
90%
Hulk
85%
Captain America
80%
Spider-Man
80%
Black Panther
75%
Thor
75%
Wolverine
75%
Deadpool
70%
Daredevil
65%
Storm
65%
Cyclops
60%
Green Goblin
60%
Human Torch
60%
Invisible Woman
60%
Jean Grey
60%
Mister Fantastic
60%
Thing
60%
Venom
60%
Gambit
55%
Luke Cage
55%
Magneto
55%
Ms. Marvel
55%
Iron Fist
50%
Carnage
45%
Juggernaut
45%
Nick Fury
45%
Blade
40%
Cable
40%
Iceman
40%
Psylocke
40%
She-Hulk
35%
Songbird
35%
Penance
30%
Sentry
30%
No matching quizzes found
Score Distribution
Percent of People with Each Score
Percentile by Number Answered
Your Score History
You have not taken this quiz